01071nam a2200265 i 4500003000900000005001700009007000300026008004100029040003000070082002300100100004700123245007200170264006500242300002600307336002700333337003400360338002800394590002700422650002400449650002600473910004700499942001300546952022900559999001700788DO-SdBNP20240305141307.0ta110413s1958 dr 000 0 spa d aDO-SdBNPbspacBNPHUerda 4aRD861.4bS211m2221 aSánchez Lamouth, Juan,d1929-196892054710aMemorial de los bosques :by otros poemas /cJuan Sánchez Lamouth aCiudad Trujillo, República Dominicana :bCadelaria,c1958. a33 páginas c23 cm. 2rdacontentatextobtxt 2rdamediaasin mediación bn 2rdacarrieravolumenbnc aInventariado, 2023/ YL 4aPoesía dominicana 4aLiteratura dominicana aYLockward/Validado. Control de calidad MFF 2ddccLF2 00102ddc51708DS-FRVaBNPHUbBNPHUcHDd2014-12-01eBarbara Suncarl0oBNPHU PD RD861.4 S211mp2023-5841r2023-09-13w2023-09-13yLF2zPerteneció a la biblioteca personal de Bárbara Suncar/ autografiado por el autor. c54732d54732